| 000 -GUIDE |
| Champ de contrôle de longueur fixe |
00794nam a22002297a 4500 |
| 003 - IDENTITÉ DU NUMÉRO DE CONTRÔLE |
| Champ de contrôle |
BI-BuBU |
| 008 - ÉLÉMENTS DE LONGUEUR FIXE - RENSEIGNEMENTS GÉNÉRAUX |
| Champ de contrôle de longueur fixe |
091103t fr ||||| |||| 00| 0 fre d |
| 020 ## - INTERNATIONAL STANDARD BOOK NUMBER |
| ISBN |
727226404 |
| 020 ## - INTERNATIONAL STANDARD BOOK NUMBER |
| ISBN |
802718738 |
| 039 ## - NIVEAU DE CONTRÔLE BIBLIOGRAPHIQUE ET HISTORIQUE D'ENCODAGE [OBSOLETE] |
| Date creation |
gns |
| 040 ## - SOURCE DU CATALOGAGE |
| Organisme qui a effectué le catalogage original |
BI-BuBU |
| Code de la langue utilisée dans le catalogage |
fre |
| Organisme qui a effectué la transcription |
BI-BuBU |
| 080 ## - INDICE DE LA CLASSIFICATION DÉCIMALE UNIVERSELLE (CDU) |
| Indice de la Classification décimale universelle |
338.988.HAA |
| 100 01 - VEDETTE PRINCIPALE - NOM DE PERSONNE |
| Code de relation |
aut |
| Nom de personne |
haas, Josiane |
| 245 13 - MENTION DU TITRE |
| Titre |
La responsabilité de l'entreprise en europe |
| Reste du titre |
un droit unique pour le marché unique |
| Mention de responsabilité, etc. |
Josiane Haas |
| 260 ## - PUBLICATION, DIFFUSION, ETC. (ADRESSE BIBLIOGRAPHIQUE) |
| Lieu de publication, diffusion, etc. |
Berne ;Stoempli; Bruxelles |
| Nom de l'éditeur, diffuseur, etc. |
Bruylant |
| Date of publication, distribution, etc |
cop.2004 |
| 300 ## - DESCRIPTION MATÉRIELLE |
| Collation |
L - 306 p. |
| Autres caractéristiques matérielles |
couv.en coul. |
| Dimensions |
23 cm |
| 440 ## - MENTION DE COLLECTION / VEDETTE SECONDAIRE DE TITRE |
| Titre |
Droit privé européen |
| Numéro de volume et/ou désignation d'ordre séquentiel |
22 |
| 9 (RLIN) |
2445 |
| 650 ## - VEDETTE-MATIÈRE - NOM COMMUN |
| Source du terme |
Entreprise. Responsabilité. Europe |
| 9 (RLIN) |
2446 |
| 942 ## - ÉLÉMENTS D'ENTRÉE ADDITIONNELLE (KOHA) |
| Source de la classification ou du système de rangement |
|
| Type d item koha |
BOOK |